000 00488nam a2200145Ia 4500
008 230917s9999||||xx |||||||||||||| ||und||
040 _e8429
_aMAIN
041 _aEnglish
082 _a327.405 I9G
100 _aIyer, Raghavan, ed.
245 0 _aGlass curtain between Asia and Europe : A symposium on the historical encounter and the changing attitude of the people of the East and the West
260 _aLondon
_bOxford University Press
_c1965
300 _axiii, 356 p.
942 _cBK
999 _c167151
_d167151